|
|
|
|
| LEADER |
00000nab a2200000 a 4500 |
| 001 |
vtls000617296 |
| 003 |
SK-MaSNL |
| 005 |
20260304094746.0 |
| 008 |
250425c1996 xo 0 slo |
| 015 |
|
|
|a SNBRB19rr/mm-uuuuu
|
| 035 |
|
|
|a CL0617435
|
| 035 |
|
|
|a urn:nbn:sk:snk-ab7i5n
|
| 035 |
|
|
|a (urnnbn)urn:nbn:sk:snk:ar-005tq0
|
| 035 |
|
|
|a (uuid)16114270-0b10-4c89-8557-bfa52125ed4f
|
| 040 |
|
|
|a SNKBUCL
|b slo
|c SNKBUCL
|e AACR2
|
| 041 |
0 |
|
|a eng
|
| 044 |
|
|
|a xo
|c SK
|
| 080 |
|
|
|a 678.7.046.3:547.313.3-126:541.12.01
|2 1981
|
| 080 |
|
|
|a 547.313.3-126
|2 1981
|
| 080 |
|
|
|a 541.12.01
|2 1981
|
| 100 |
1 |
|
|a Jančář, Josef, 1957-
|4 aut
|9 237800
|
| 245 |
1 |
0 |
|a Engineered Interphases in Particulate Filled Polypropylene
|c J. Jančář, A.T. DiBenedetto, A. DiAnselmo
|
| 300 |
|
|
|b Grafy 5, sch. 1, res. angl., lit. 15 zázn. v angl.
|
| 650 |
0 |
7 |
|a polypropylén
|2 snkbucl
|9 20963
|
| 655 |
|
7 |
|a články z novín a časopisov
|2 snkbucl
|9 267496
|
| 700 |
1 |
|
|a DiBenedetto, Antony T.
|4 aut
|9 1391440
|
| 700 |
1 |
|
|a DiAnselmo, A.
|4 aut
|9 1391441
|
| 773 |
0 |
|
|t Chemical papers. Chemické zvesti
|g Roč. 50, č. 4 (1996), s. 228-232
|x 0366-6352
|
| 850 |
|
|
|a Slovenská národná knižnica
|
| 852 |
|
|
|a Slovenská národná knižnica
|
| 954 |
|
|
|a odborná, vedecká literatúra cudzojazyčná (svetová)
|2 lita
|
| 958 |
|
|
|a article7
|
| 958 |
|
|
|a OND
|
| 958 |
|
|
|a NB
|
| 958 |
|
|
|a IT
|
| 958 |
|
|
|a CZ
|
| 958 |
|
|
|a RK
|
| 958 |
|
|
|a EUIPO
|
| 992 |
|
|
|a RBX
|
| 999 |
|
|
|c 2828841
|d 2830771
|